| 000 | 00500nam a22001817a 4500 | ||
|---|---|---|---|
| 005 | 20130911162442.0 | ||
| 010 | _aENG-108279 | ||
| 020 |
_c499.00 _a9789383074297 |
||
| 035 | _aEN-91812 | ||
| 037 | _bDBAD/PUB | ||
| 082 | _aS | ||
| 100 | _aPadmanabhan, Manjula | ||
| 245 |
_aThree virgins and other stories / _cby Manjula Padmanabhan |
||
| 260 |
_aNew Delhi _bZubaan _c2013 |
||
| 270 |
_a128b Shahpur Jat Ist Floor, _bNew Delhi _e110049 |
||
| 300 |
_ax,250p. _c23cm(Hb) |
||
| 942 |
_2ddc _cEN _mPAD _hS |
||
| 999 |
_c78375 _d78375 |
||